|
|
|
|
| LEADER |
00000caa a2200000 c 4500 |
| 001 |
1636698506 |
| 003 |
DE-627 |
| 005 |
20241119181746.0 |
| 007 |
tu |
| 008 |
140228s2012 xx ||||| 00| ||ger c |
| 035 |
|
|
|a (DE-627)1636698506
|
| 035 |
|
|
|a (DE-576)401804925
|
| 035 |
|
|
|a (DE-599)BSZ401804925
|
| 040 |
|
|
|a DE-627
|b ger
|c DE-627
|e rakwb
|
| 041 |
|
|
|a ger
|
| 100 |
1 |
|
|a Häusser, Leonard F.
|4 aut
|
| 245 |
1 |
0 |
|a Empathie und Spiegelneurone
|b ein Blick auf die gegenwärtige neuropsychologische Empathieforschung
|c Leonard F. Häusser
|
| 264 |
|
1 |
|c 2012
|
| 336 |
|
|
|a Text
|b txt
|2 rdacontent
|
| 337 |
|
|
|a ohne Hilfsmittel zu benutzen
|b n
|2 rdamedia
|
| 338 |
|
|
|a Band
|b nc
|2 rdacarrier
|
| 773 |
0 |
8 |
|i In
|t Praxis der Kinderpsychologie und Kinderpsychiatrie
|d Göttingen : Vandenhoeck & Ruprecht, 1952
|g 61(2012), 5, Seite 322 - 335
|w (DE-627)129303798
|w (DE-600)123711-1
|w (DE-576)014498332
|x 0032-7034
|7 nnas
|
| 773 |
1 |
8 |
|g volume:61
|g year:2012
|g number:5
|g pages:322 - 335
|
| 889 |
|
|
|w (DE-627)750715901
|
| 935 |
|
|
|i mdedup
|
| 951 |
|
|
|a AR
|
| ELC |
|
|
|b 1
|
| LOK |
|
|
|0 000 xxxxxcx a22 zn 4500
|
| LOK |
|
|
|0 001 3294321414
|
| LOK |
|
|
|0 003 DE-627
|
| LOK |
|
|
|0 004 1636698506
|
| LOK |
|
|
|0 005 20140228111340
|
| LOK |
|
|
|0 008 140228||||||||||||||||ger|||||||
|
| LOK |
|
|
|0 040
|a DE-21-110
|c DE-627
|d DE-21-110
|
| LOK |
|
|
|0 689
|a s
|a Empathie
|
| LOK |
|
|
|0 689
|a s
|a Perspektivenübernahme
|
| LOK |
|
|
|0 689
|a s
|a Affekt
|
| LOK |
|
|
|0 689
|a s
|a Neuropsychologie
|
| LOK |
|
|
|0 852
|z Kein Bestand am IfK; Nachweis für KrimDok
|
| LOK |
|
|
|0 852
|a DE-21-110
|
| LOK |
|
|
|0 852 1
|m v
|9 00
|
| LOK |
|
|
|0 938
|k v
|
| LOK |
|
|
|0 939
|a 28-02-14
|b l01
|
| ORI |
|
|
|a SA-MARC-krimdoka001.raw
|